000
00248nam a22001097a 4500
008
170116b xxu||||| |||| 00| 0 eng d
020
_a
0323039855
041
_a
eng
080
_a
618.2
245
_a
EMT-INTERMEDIATE TEXTBOOK
_c
SHADE
942
_2
udc
_c
BK
999
_c
2963
_d
2963